| 000 -LEADER |
| fixed length control field |
00444nam a22001577a 4500 |
| 008 - FIXED-LENGTH DATA ELEMENTS--GENERAL INFORMATION |
| fixed length control field |
151007b xxu||||| |||| 00| 0 eng d |
| 020 ## - INTERNATIONAL STANDARD BOOK NUMBER |
| International Standard Book Number |
9780470041697 |
| 041 0# - LANGUAGE CODE |
| Language code of text/sound track or separate title |
eng |
| 080 ## - UNIVERSAL DECIMAL CLASSIFICATION NUMBER |
| Universal Decimal Classification number |
658.15 |
| 245 #0 - TITLE STATEMENT |
| Title |
Intermediate accounting/ |
| Statement of responsibility, etc |
Donald E Kieso; Jerry J. Weygandt; Terry D. Warfield. |
| 250 ## - |
| -- |
12th ed. |
| 260 ## - |
| -- |
USA: |
| -- |
John Wiley & Sons; |
| -- |
2007. |
| 300 ## - |
| -- |
1371 f.: |
| -- |
me il.; |
| -- |
26 cm. |
| 650 #0 - |
| -- |
Kontabilitet |
| 942 ## - ADDED ENTRY ELEMENTS (KOHA) |
| Source of classification or shelving scheme |
|
| Item type |
Books |